[Event "Wiesbaden op 26th"]
[Site "Wiesbaden"]
[Date "2014.08.30"]
[Round "5"]
[White "Seehaus, Bernhard"]
[Black "Scholl, Alois"]
[Result "1-0"]
[WhiteElo "2016"]
[BlackElo "1733"]
[PlyCount "45"]
[EventDate "2014.08.28"]
[EventType "swiss"]
[EventRounds "7"]
[EventCountry "GER"]
[SourceTitle "CBM 162 Extra"]
[Source "ChessBase"]
[SourceDate "2014.10.17"]
[SourceVersion "1"]
[SourceVersionDate "2014.10.17"]
[SourceQuality "1"]

1. Nc3 e6 2. f4 f5 3. e4 g6 4. e5 d6 5. d4 dxe5 6. dxe5 Qxd1+ 7. Kxd1 a6 8. Bc4 Nc6 9. Nf3 Be7 10. a3 Nh6 11. h3 Bd7 12. Ke2 Nf7 13. Be3 0-0 14. Rad1 Bc8 15. Rd2 b5 16. Ba2 Nfd8 17. Rhd1 Na5 18. Nd5 Kf7 19. Nxe7 Bb7 20. Ng5+ Kg7 21. Rd7 Nc4 22. Nxf5+ Kg8 23. Nh6+ 1-0